000 00563nam a2200193Ia 4500
003 OSt
005 20240315112428.0
008 210210b2009 xxu||||| |||| 00| 0 eng d
040 _cAL
041 _aKannada
082 _aK894.4 JAYS
100 _aJAYANT KAIKINI
_dಜಯಂತ್ ಕಾಯ್ಕಿಣಿ.
_9154445
245 _aShabda tira: bidi barahagalu
_bಶಬ್ದ ತೀರ : ಬಿಡಿ ಬರಹಗಳು
260 _aBengaluru
_bAnkita Pustaka
_c2009
300 _a230
690 _aKannada Prose
_9154450
906 _a065187
942 _2ddc
_cBK
999 _c142870
_d142870